History Quiz

Random History or Nation Quiz

'F' American History Quiz Stats

Quiz Updated Apr 22, 2015

Challenge
Share
Tweet
Embed
Score 0/20 Timer 07:00
4 Plays Today
Hint Answer % Correct
Which Republican became president upon the resignation of Richard Nixon on August 9, 1974?Gerald Ford
93.1%
What author, printer, inventor, and diplomat served as the first U.S. ambassador to France?Benjamin Franklin
93%
What series of evening radio addresses given by FDR from 1933 to 1944 had a reassuring effect on the public?Fireside chats
80.9%
Formed by Alexander Hamilton with the support of bankers, what was the first American political party?Federalist Party
73.3%
What term was given to a young woman in the 1920s who flouted social and sexual norms?Flapper
70%
What nickname was given to a miner who rushed to California following the discovery of gold?Forty-niner
68.9%
What conflict between the British and the French took place from 1754 until 1763?French and Indian War
68.6%
Where were the first shots of the Civil War fired?Fort Sumter
63.9%
Which New Yorker was the 13th president of the United States and the last Whig president?Millard Fillmore
59.7%
What name was given to the statesmen who participated in the American Revolution and established the Constitution?Founding Fathers
53%
Hint Answer % Correct
In 1984, which Democrat became the first woman nominated for the vice presidency by a major political party?Geraldine Ferraro
50%
Which American engineer developed the first commercially successful steamboat in 1807?Robert Fulton
48.1%
Signed into law by Woodrow Wilson in 1913, what act set up the central banking system of the United States?Federal Reserve Act of 1913
40.7%
Which American writer and feminist wrote the 1963 book 'The Feminine Mystique'?Betty Friedan
37.1%
What peace plan outlined by President Wilson in 1918 included freedom of the seas and national self-determination?Fourteen Points
36.1%
Part of the Compromise of 1850, what law compelled citizens to assist in the recapture of runaway slaves?Fugitive Slave Act
28.9%
Which soldier and explorer became the Republican presidential candidate in 1856?John C. Frémont
19.1%
Formed in 1848, which political party's platform opposed the expansion of slavery into the western territories?Free Soil Party
18.2%
What set of proposals, put forth by Harry Truman, included aid to education and universal health insurance?Fair Deal
16%
What was the powerful Iroquois Indian confederation in New York in the 17th and 18th centuries?Five Nations
14.7%

You're not logged in!

Compare scores with friends on all Sporcle quizzes.
Sign Up with Email
OR
Log In

You Might Also Like...

Show Comments

Extras

Top Quizzes Today


Score Distribution

Your Account Isn't Verified!

In order to create a playlist on Sporcle, you need to verify the email address you used during registration. Go to your Sporcle Settings to finish the process.